000 01591nam a2200421 c 4500
003 BLK
005 20250408141819.0
008 180410b bul|||||r ||||||| ||bul||
010 _aKNG00166621000
040 _aBLK
041 _aBUL
_cBUL
072 7 _2bullib
_aК
_xКраезнание
080 _aСелско стопанство. Горско стопанство. Лов. Рибно стопанство
_b63
_x:061.23(497.21-22)
_z63:061.23(497.21-22)
139 _aОчет на Взаимно-спомагателните дружества в Русенско за 1903 година
_bО 98
245 1 0 _aОтчет на Взаимно-спомагателните дружества в Русенско за 1903 година
257 _aBGR
260 _c1904
_fРусе : Скоропеч. Ст. Ив. Роглев
300 _a100 с.
_bс табл.
_c24 см
380 _a63
650 4 _aДружества - България
_9279807
650 4 _aОтчетност
_9165382
651 4 _aБългария
_9241624
651 4 _aРусенско
_9179464
653 _aселско стопанство
653 _aдружества
653 _aотчети
653 _aРусенско
659 _aК
852 _aЦб 3.230.31288
852 _aК 63/О-98
856 4 _qpdf
856 4 _qpdf
942 _cKNG
_n0
_s1
944 _aCR
_c30.10.2014
_lРенета Константинова
_k30546
944 _aED
_c30.10.2014
_l30.10.2014 - от С1,Р / 30.10.2014
999 _c159452
_d159452
999 _d159452
999 _d159452